header

Mandates and democracy (Record no. 3417)

MARC details
000 -LEADER
fixed length control field 01491nam a22003614a 4500
082 04 - DEWEY DECIMAL CLASSIFICATION NUMBER
Classification number 320/.6/098
100 1# - MAIN ENTRY--AUTHOR NAME
Personal name Stokes, Susan Carol.
245 10 - TITLE STATEMENT
Title Mandates and democracy
260 ## - PUBLICATION, DISTRIBUTION, ETC. (IMPRINT)
Place of publication Cambridge ;
-- New York :
Name of publisher Cambridge University Press,
Year of publication 2001.
300 ## - PHYSICAL DESCRIPTION
Number of Pages xiii, 220 p. :
Other physical details ill.
490 1# - SERIES STATEMENT
Series statement Cambridge studies in comparative politics
650 #0 - SUBJECT ADDED ENTRY--TOPICAL TERM
Topical Term Democracy
856 40 - ELECTRONIC LOCATION AND ACCESS
Uniform Resource Identifier http://site.ebrary.com/lib/rucke/Doc?id=10005711

No items available.

© 2026 Rongo University
Contact us: librarian | system librarian | Rongo university